<?xml version="1.0" encoding="UTF-8"?>
<record
    xmlns:xsi="http://www.w3.org/2001/XMLSchema-instance"
    xsi:schemaLocation="http://www.loc.gov/MARC21/slim http://www.loc.gov/standards/marcxml/schema/MARC21slim.xsd"
    xmlns="http://www.loc.gov/MARC21/slim">

  <leader>00637nam  2200205   4500</leader>
  <controlfield tag="001">2396</controlfield>
  <datafield tag="010" ind1=" " ind2=" ">
    <subfield code="a">978-2-940235-42-1</subfield>
  </datafield>
  <datafield tag="090" ind1=" " ind2=" ">
    <subfield code="a">2396</subfield>
  </datafield>
  <datafield tag="100" ind1=" " ind2=" ">
    <subfield code="a">20190729k        u||y0frey50      ba</subfield>
  </datafield>
  <datafield tag="101" ind1=" " ind2=" ">
    <subfield code="a">fre</subfield>
  </datafield>
  <datafield tag="200" ind1=" " ind2=" ">
    <subfield code="a">Racoleuses et prox&#xE9;n&#xE8;tes</subfield>
    <subfield code="b">Brochure</subfield>
    <subfield code="e">prostitution clandestine &#xE0; Gen&#xE8;ve &#xE0; la fin du XIXe si&#xE8;cle</subfield>
    <subfield code="f">S&#xE9;bastien Bourquin</subfield>
  </datafield>
  <datafield tag="210" ind1=" " ind2=" ">
    <subfield code="a">Neuch&#xE2;tel</subfield>
    <subfield code="d">2008</subfield>
  </datafield>
  <datafield tag="215" ind1=" " ind2=" ">
    <subfield code="a">141 p.</subfield>
    <subfield code="c">fac-sim.</subfield>
    <subfield code="d">21 cm</subfield>
  </datafield>
  <datafield tag="225" ind1=" " ind2=" ">
    <subfield code="a">Histoire et soci&#xE9;t&#xE9;</subfield>
  </datafield>
  <datafield tag="300" ind1=" " ind2=" ">
    <subfield code="a">Bibliogr.</subfield>
  </datafield>
  <datafield tag="606" ind1=" " ind2=" ">
    <subfield code="9">2058</subfield>
    <subfield code="a">Travail du sexe</subfield>
  </datafield>
  <datafield tag="606" ind1=" " ind2=" ">
    <subfield code="9">3097</subfield>
    <subfield code="a">19e si&#xE8;cle</subfield>
  </datafield>
  <datafield tag="607" ind1=" " ind2=" ">
    <subfield code="9">403</subfield>
    <subfield code="a">Gen&#xE8;ve (Canton)</subfield>
  </datafield>
  <datafield tag="700" ind1=" " ind2=" ">
    <subfield code="9">3413</subfield>
    <subfield code="a">Bourquin</subfield>
    <subfield code="b">S&#xE9;bastien</subfield>
    <subfield code="f">1976-</subfield>
  </datafield>
  <datafield tag="801" ind1=" " ind2=" ">
    <subfield code="a">CH</subfield>
    <subfield code="b">CH-002049-8</subfield>
  </datafield>
  <datafield tag="995" ind1=" " ind2=" ">
    <subfield code="1">0</subfield>
    <subfield code="2">0</subfield>
    <subfield code="3">0</subfield>
    <subfield code="5">2022-03-02</subfield>
    <subfield code="9">2886</subfield>
    <subfield code="b">ARCHIC</subfield>
    <subfield code="c">ARCHIC</subfield>
    <subfield code="e">R&#xE9;f&#xE9;rences</subfield>
    <subfield code="f">3835</subfield>
    <subfield code="h">Marc Vuilleumier</subfield>
    <subfield code="k">R 0487</subfield>
    <subfield code="o">1</subfield>
  </datafield>
</record>
